[Event "Heusenstamm Sparkassen op 8th"]
[Site "Heusenstamm"]
[Date "2022.11.20"]
[Round "6"]
[White "Jung, Maximilian"]
[Black "Hebauf, Markus"]
[Result "1-0"]
[WhiteElo "1820"]
[BlackElo "1547"]
[PlyCount "37"]
[EventDate "2022.11.17"]
[EventType "swiss"]
[EventRounds "7"]
[EventCountry "GER"]
[SourceTitle "CBM 212 Extra"]
[Source "ChessBase"]
[SourceDate "2023.03.31"]
[SourceVersion "1"]
[SourceVersionDate "2023.03.31"]
[SourceQuality "1"]

1. e4 c5 2. Nf3 Nc6 3. d4 cxd4 4. Nxd4 e6 5. Nc3 Nf6 6. Ndb5 Bb4 7. a3 Bxc3+ 8. Nxc3 h6 9. Bf4 e5 10. Be3 a6 11. Bc5 b6 12. Bd6 Bb7 13. f3 Nd4 14. Bxe5 Nxc2+ 15. Qxc2 Qe7 16. Bxf6 Qxf6 17. Rd1 Rc8 18. Qd2 Qe6 19. Qd6 1-0

[Event "Heusenstamm Sparkassen op 8th"]
[Site "Heusenstamm"]
[Date "2022.11.20"]
[Round "7"]
[White "Werner, Florin"]
[Black "Jung, Maximilian"]
[Result "1/2-1/2"]
[WhiteElo "1669"]
[BlackElo "1820"]
[PlyCount "77"]
[EventDate "2022.11.17"]
[EventType "swiss"]
[EventRounds "7"]
[EventCountry "GER"]
[SourceTitle "CBM 212 Extra"]
[Source "ChessBase"]
[SourceDate "2023.03.31"]
[SourceVersion "1"]
[SourceVersionDate "2023.03.31"]
[SourceQuality "1"]

1. e4 e5 2. Nf3 Nc6 3. Bb5 a6 4. Ba4 Nf6 5. 0-0 Bc5 6. Re1 b5 7. Bb3 d6 8. h3 0-0 9. c3 Bb6 10. d3 h6 11. Nbd2 Bb7 12. Nf1 Ne7 13. Ng3 Re8 14. a4 Ng6 15. Bc2 d5 16. exd5 Qxd5 17. Bb3 Qd7 18. axb5 axb5 19. Rxa8 Bxa8 20. Ne4 Nxe4 21. dxe4 Qxd1 22. Bxd1 Rd8 23. Bb3 Kf8 24. Be3 Bxe3 25. Rxe3 Ke7 26. Kf1 f6 27. g3 Bb7 28. Ke2 Ra8 29. Ne1 Nf8 30. c4 bxc4 31. Bxc4 Ne6 32. Nc2 Ra4 33. Bxe6 Kxe6 34. f3 Ba6+ 35. Kd2 Bc8 36. h4 Bd7 37. Rc3 Kd6 38. Rd3+ Ke6 39. Rc3 1/2-1/2

[Event "Heusenstamm Sparkassen op 8th"]
[Site "Heusenstamm"]
[Date "2022.11.18"]
[Round "3"]
[White "Leck, Gerrit"]
[Black "Jung, Maximilian"]
[Result "1-0"]
[WhiteElo "2029"]
[BlackElo "1820"]
[PlyCount "103"]
[EventDate "2022.11.17"]
[EventType "swiss"]
[EventRounds "7"]
[EventCountry "GER"]
[SourceTitle "CBM 212 Extra"]
[Source "ChessBase"]
[SourceDate "2023.03.31"]
[SourceVersion "1"]
[SourceVersionDate "2023.03.31"]
[SourceQuality "1"]

1. e4 e5 2. Nf3 Nc6 3. d4 exd4 4. Nxd4 Bc5 5. Be3 Qf6 6. c3 Nge7 7. Bc4 0-0 8. 0-0 Bb6 9. f4 d6 10. Qd2 Rd8 11. f5 h6 12. Nc2 Ne5 13. Bb3 Bd7 14. Bxb6 axb6 15. c4 b5 16. Ne3 bxc4 17. Nxc4 Nxc4 18. Bxc4 Qe5 19. Bb3 Qf6 20. Nc3 Bc6 21. Rad1 Re8 22. Qf4 Qe5 23. Qg4 Qf6 24. Rd3 b5 25. Rg3 Rab8 26. Qh5 b4 27. Rg6 Qd4+ 28. Kh1 Nxg6 29. fxg6 Kh8 30. gxf7 Rf8 31. Ne2 Qxe4 32. Nf4 Kh7 33. Rc1 Qxf4 34. Re1 Qg5 35. Qe2 Rbd8 36. Qc2+ Kh8 37. Qxc6 Qc5 38. Qe4 d5 39. Qf5 Qd6 40. Re6 Qc5 41. Bc2 Qxc2 42. Qxc2 Rxf7 43. h3 d4 44. Qg6 Rff8 45. Re7 Rg8 46. Re2 c5 47. b3 Rgf8 48. Kg1 Rc8 49. Re7 Rg8 50. Rd7 Ra8 51. Qc2 Rac8 52. Rd5 1-0

[Event "Heusenstamm Sparkassen op 8th"]
[Site "Heusenstamm"]
[Date "2022.11.17"]
[Round "1"]
[White "Foerster Yialamas, Lucas"]
[Black "Jung, Maximilian"]
[Result "1/2-1/2"]
[WhiteElo "2125"]
[BlackElo "1820"]
[PlyCount "88"]
[EventDate "2022.11.17"]
[EventType "swiss"]
[EventRounds "7"]
[EventCountry "GER"]
[SourceTitle "CBM 212 Extra"]
[Source "ChessBase"]
[SourceDate "2023.03.31"]
[SourceVersion "1"]
[SourceVersionDate "2023.03.31"]
[SourceQuality "1"]

1. e4 e5 2. Nf3 Nc6 3. Bb5 a6 4. Ba4 Nf6 5. 0-0 Bc5 6. Nxe5 Nxe5 7. d4 b5 8. Bb3 Bxd4 9. Qxd4 d6 10. f4 c5 11. Qc3 Neg4 12. e5 c4 13. exf6 0-0 14. fxg7 Re8 15. h3 Qb6+ 16. Kh1 Nf2+ 17. Kh2 Bb7 18. Bxc4 bxc4 19. Nd2 Re2 20. Nxc4 Nd1 21. Qg3 Qc6 22. Rg1 Qxc4 23. f5 Qxc2 24. Bh6 Nxb2 25. Rab1 Bd5 26. Rbc1 Qe4 27. Rce1 Re8 28. Rxe2 Qxe2 29. Kh1 Nc4 30. f6 Ne3 31. Bxe3 Rxe3 32. Rc1 Re8 33. a3 Qe5 34. Qf2 Bb7 35. Rc7 Qa1+ 36. Kh2 Qe5+ 37. Kg1 Qe1+ 38. Qxe1 Rxe1+ 39. Kf2 Re6 40. Rxb7 Rxf6+ 41. Ke3 Rg6 42. Kf3 Kxg7 43. Rb4 d5 44. a4 Rc6 1/2-1/2

[Event "Rhein Main op-A 24th"]
[Site "Bad Homburg"]
[Date "2022.06.18"]
[Round "5"]
[White "Mews, Bernhard"]
[Black "Jung, Maximilian"]
[Result "1/2-1/2"]
[WhiteElo "2020"]
[BlackElo "1651"]
[PlyCount "74"]
[EventDate "2022.06.15"]
[EventType "swiss"]
[EventRounds "7"]
[EventCountry "GER"]
[SourceTitle "EXT 2023"]
[Source "ChessBase"]
[SourceDate "2022.10.05"]
[SourceVersion "1"]
[SourceVersionDate "2022.10.05"]
[SourceQuality "1"]

1. d4 Nf6 2. Nc3 d5 3. Bf4 a6 4. e3 Bf5 5. Nf3 h6 6. Ne5 e6 7. g4 Bh7 8. Bd3 Bxd3 9. Qxd3 Nbd7 10. 0-0-0 c5 11. Qe2 cxd4 12. exd4 b5 13. h4 b4 14. Nb1 Qa5 15. f3 Nxe5 16. Bxe5 Qxa2 17. g5 hxg5 18. hxg5 Rxh1 19. Rxh1 Nd7 20. g6 Qc4 21. gxf7+ Kxf7 22. Qxc4 dxc4 23. Nd2 Nxe5 24. dxe5 c3 25. bxc3 bxc3 26. Ne4 Ba3+ 27. Kd1 Rd8+ 28. Ke2 Bb4 29. Rg1 Rd5 30. f4 Rd7 31. Ng5+ Ke7 32. Ne4 Kf8 33. Rg6 Kf7 34. Rg3 Rc7 35. Ng5+ Ke7 36. Ne4 Kf7 37. Ng5+ Ke7 1/2-1/2

[Event "Rhein Main op-A 24th"]
[Site "Bad Homburg"]
[Date "2022.06.17"]
[Round "4"]
[White "Jung, Maximilian"]
[Black "Barthel, Bergit"]
[Result "1-0"]
[WhiteElo "1651"]
[BlackElo "1964"]
[PlyCount "67"]
[EventDate "2022.06.15"]
[EventType "swiss"]
[EventRounds "7"]
[EventCountry "GER"]
[SourceTitle "EXT 2023"]
[Source "ChessBase"]
[SourceDate "2022.10.05"]
[SourceVersion "1"]
[SourceVersionDate "2022.10.05"]
[SourceQuality "1"]

1. e4 Nf6 2. e5 Nd5 3. d4 d6 4. Nf3 g6 5. c4 Nb6 6. exd6 cxd6 7. h3 Bg7 8. Nc3 0-0 9. Be2 Nc6 10. 0-0 e5 11. d5 Ne7 12. Be3 Bf5 13. Rc1 h6 14. b4 g5 15. c5 Nbc8 16. Nb5 Be4 17. cxd6 Nxd5 18. Nc7 Nxe3 19. fxe3 Rb8 20. d7 Nb6 21. Qb3 Qxd7 22. Rfd1 Qf5 23. Nb5 Bc6 24. Nd6 Qg6 25. b5 Bd5 26. Rxd5 Nxd5 27. Qxd5 Rfd8 28. Rd1 Rd7 29. Nxe5 Bxe5 30. Qxe5 Rbd8 31. Bc4 Qc2 32. Rd4 Rxd6 33. Rxd6 Rxd6 34. Qe8+ 1-0

[Event "Rhein Main op-A 24th"]
[Site "Bad Homburg"]
[Date "2022.06.16"]
[Round "2"]
[White "Dunsbach, Ralf"]
[Black "Jung, Maximilian"]
[Result "1-0"]
[WhiteElo "2156"]
[BlackElo "1651"]
[PlyCount "81"]
[EventDate "2022.06.15"]
[EventType "swiss"]
[EventRounds "7"]
[EventCountry "GER"]
[SourceTitle "EXT 2023"]
[Source "ChessBase"]
[SourceDate "2022.10.05"]
[SourceVersion "1"]
[SourceVersionDate "2022.10.05"]
[SourceQuality "1"]

1. c4 e5 2. g3 Nf6 3. Bg2 d5 4. cxd5 Nxd5 5. Nc3 Nb6 6. Nf3 Nc6 7. 0-0 Be7 8. a3 0-0 9. b4 Be6 10. d3 f6 11. Bb2 a5 12. b5 Nd4 13. Nd2 Qc8 14. e3 Nf5 15. Qc2 Nd6 16. Rfc1 Rd8 17. Nde4 Nxe4 18. Nxe4 Nd5 19. Nc5 Bxc5 20. Qxc5 Rd7 21. d4 exd4 22. Bxd4 Qd8 23. Qc2 Rc8 24. Qe2 Rd6 25. Bc5 Rd7 26. e4 Nb6 27. e5 f5 28. Bxb7 Rb8 29. Bc6 Rd2 30. Qe1 Qd3 31. Rd1 Rd8 32. Bd6 Rxd1 33. Rxd1 Qc2 34. Rc1 Qxc1 35. Qxc1 cxd6 36. Qg5 Rf8 37. Qe7 Bc8 38. exd6 f4 39. d7 Nxd7 40. Bxd7 fxg3 41. hxg3 1-0

[Event "Rhein Main op-A 24th"]
[Site "Bad Homburg"]
[Date "2022.06.15"]
[Round "1"]
[White "Jung, Maximilian"]
[Black "Schellmann, Frank"]
[Result "1-0"]
[WhiteElo "1651"]
[BlackElo "2009"]
[PlyCount "99"]
[EventDate "2022.06.15"]
[EventType "swiss"]
[EventRounds "7"]
[EventCountry "GER"]
[SourceTitle "EXT 2023"]
[Source "ChessBase"]
[SourceDate "2022.10.05"]
[SourceVersion "1"]
[SourceVersionDate "2022.10.05"]
[SourceQuality "1"]

1. e4 e5 2. Nf3 Nc6 3. Bc4 Nf6 4. d3 Bc5 5. c3 0-0 6. 0-0 d5 7. exd5 Nxd5 8. Re1 Bg4 9. h3 Bh5 10. Nbd2 Nb6 11. Bb5 Bd6 12. Ne4 Re8 13. Ng3 Bg6 14. a4 a6 15. Bxc6 bxc6 16. a5 Nd5 17. Ra4 Nf4 18. Bxf4 exf4 19. Rxe8+ Qxe8 20. Ne4 Rb8 21. b3 Qd7 22. Rd4 Qe6 23. b4 Be7 24. Qd2 c5 25. Nxc5 Bxc5 26. bxc5 h6 27. Qxf4 Rb1+ 28. Kh2 Qe2 29. Qd2 Qf1 30. Rd8+ Kh7 31. Re8 Qxd3 32. Qxd3 Bxd3 33. Rc8 Rb7 34. Nd4 Rb2 35. Rxc7 Rxf2 36. Kg3 Ra2 37. Rxf7 Be4 38. c6 Rxa5 39. c7 Rc5 40. Ne6 Rxc3+ 41. Kf4 Kg6 42. Rxg7+ Kf6 43. Kxe4 Kxe6 44. Rg6+ Kd7 45. Rxa6 Kxc7 46. Kf4 h5 47. Rh6 Rc2 48. Kg3 Rc3+ 49. Kh4 Rc2 50. g3 1-0

[Event "GER-chT U10"]
[Site "Magdeburg"]
[Date "2016.12.29"]
[Round "6.3"]
[White "Eichner, Tim"]
[Black "Jung, Maximilian"]
[Result "1-0"]
[WhiteElo "818"]
[BlackElo "794"]
[PlyCount "28"]
[EventDate "2016.12.27"]
[EventType "team-swiss"]
[EventRounds "7"]
[EventCountry "GER"]
[SourceTitle "EXT 2018"]
[Source "ChessBase"]
[SourceDate "2017.10.13"]
[SourceVersion "1"]
[SourceVersionDate "2017.10.13"]
[SourceQuality "1"]
[WhiteTeam "Dresden TU"]
[BlackTeam "Leipzig Gruen Weiss II"]
[WhiteTeamCountry "GER"]
[BlackTeamCountry "GER"]

1. e4 e5 2. Nf3 Nc6 3. Bc4 Bc5 4. c3 Nf6 5. d4 Bb6 6. dxe5 Ng4 7. 0-0 Nh6 8. Bxh6 gxh6 9. Nbd2 Ke7 10. Nb3 Qg8 11. Qc2 Qg7 12. Nh4 Rg8 13. Nf5+ Kf8 14. Nxg7 Rxg7 1-0